000 00494nam a2200181 a 4500
005 20210223123818.0
008 991125n 000 0 spa u
035 _aUPN01000068707
100 _aGAMEZ JIMENEZ, Luis
_932257
222 _aEDUCACION DOSMIL
245 _aUn concepto moderno de orientación educativa
300 _a19
362 _a1983 Año 1, no. 9, dic.
653 0 _aEVALUACION EDUCATIVA
653 0 _aORIENTACION VOCACIONAL
904 _aAC
_b006518
905 _aArticulo
999 _c64679
_d64679